000 00612cam a22001934a 4500
005 20250605163550.0
008 250528s ||||||||||||||||||||||||d
035 _a21847
040 _aGR-AtMCL
_bgre
_dGR-AtMCL
_eAACR2
245 1 _aECDL ΟΔΗΓΟΣ 3 ΣΕ 1
250 _a1
260 _bΓκιουρδας
_bΣυλλογικο,
_c2003
300 _a800
505 0 _aΠΕΡΙΕΧΕΙ ΤΙΣ ΕΝΟΤΗΤΕΣ: EXCEL ACCESS POWERPOINT ΟΛΑ ΤΟΥ 2003
520 _aΠΕΡΙΕΧΕΙ ΤΙΣ ΕΝΟΤΗΤΕΣ: EXCEL ACCESS POWERPOINT ΟΛΑ ΤΟΥ 2003
942 _cBK
999 _c6905
_d6905